Fr. Conceicao Rodrigues College of Engineering

Computer Networks & Communication (Record no. 22867)

MARC details
000 -LEADER
fixed length control field 00299nam a2200133Ia 4500
082 ## - DEWEY DECIMAL CLASSIFICATION NUMBER
Classification number 4.6
Item number BAG/DHO
100 ## - MAIN ENTRY--PERSONAL NAME
Personal name Bagad/ Vilas/ Dhotre/ Iresh
245 ## - TITLE STATEMENT
Title Computer Networks & Communication
260 ## - PUBLICATION, DISTRIBUTION, ETC.
Name of publisher, distributor, etc. Technical
Date of publication, distribution, etc. 2001
300 ## - PHYSICAL DESCRIPTION
Extent 251
546 ## - LANGUAGE NOTE
Language note ENGLISH
654 ## - SUBJECT ADDED ENTRY--FACETED TOPICAL TERMS
Focus term computer
942 ## - ADDED ENTRY ELEMENTS (KOHA)
Koha item type BOOK
Holdings
Withdrawn status Lost status Damaged status Not for loan Collection Home library Current library Date acquired Total Checkouts Full call number Barcode Date last seen Price effective from Koha item type
        CRC Fr. Agnel's C.Rodrigues College of Engineering Fr. Agnel's C.Rodrigues College of Engineering 17/03/2023   4.6 BAG/DHO 11903 17/03/2023 17/03/2023 BOOK